000 00769nam a2200265 i 4500
001 C2-0260883
003 PPAK
005 20180727230459.0
008 041108s1996 my |||| ||||| | may d
020 _a9830401286
040 _aPPAK
_beng
_cPPAK
_erda
082 0 4 _a297.81
_223
090 0 0 _a297.81
_bALM
_dG
100 1 _aAl-Misri, Muhammad 'Abd al-Hadi,
_eauthor
245 1 0 _aBeberapa takrif penting ke arah memahami 'aqidah ahl al-sunnah
264 1 _aSubang Jaya, Selangor :
_bPenerbitan Al-Ramadhan ,
_c[1996]
300 _a45 pages ;
_c22 cm
336 _2rdacontent
_atext
337 _2rdamedia
_aunmediated
338 _2rdacarrier
_avolume
490 1 _aSiri iman
650 1 0 _aSunnites. ; Islamic sects.
830 0 _aSiri iman
942 _ddc
_cB
999 _c71621
_d71621